Politische Verteidigung in Strafsachen: eine Fallstudie des von 1972 - 1977 in der Bundesrepublik Deutschland geführten Strafverfahrens gegen Andreas Baader, Gudrun Ensslin, Ulrike Meinhof, Holger Meins, Jan Carl Raspe = Politieke verdediging in strafzaken
| Autor principal: | |
|---|---|
| Tipo de documento: | Print Libro |
| Lenguaje: | Alemán Holandés |
| Publicado: |
Kiel
Neuer Malik-Verl.
1986
|
| En: | Año: 1986 |
| Disponibilidad en Tübingen: | Disponible en Tübingen. UB: KB 18 A 1899 |
| Verificar disponibilidad: | HBZ Gateway |
| Servicio de pedido Subito: | Pedir ahora. |
| Palabras clave: |
MARC
| LEADER | 00000cam a2200000 c 4500 | ||
|---|---|---|---|
| 001 | 1082559105 | ||
| 003 | DE-627 | ||
| 005 | 20260206200909.0 | ||
| 007 | tu | ||
| 008 | 870220s1986 xx ||||| m 00| ||ger c | ||
| 035 | |a (DE-627)1082559105 | ||
| 035 | |a (DE-603)02919802X | ||
| 035 | |a (DE-576)012559105 | ||
| 035 | |a (DE-599)BSZ012559105 | ||
| 035 | |a (OCoLC)263347345 | ||
| 035 | |a (OCoLC)71417204 | ||
| 035 | |a (DE-604)8010403779 | ||
| 040 | |a DE-627 |b ger |c DE-627 |e rakwb | ||
| 041 | |a ger |a dut | ||
| 084 | |a 07 |2 bwlb | ||
| 084 | |a 484 |2 bwlb | ||
| 100 | 1 | |a Bakker Schut, Pieter H. |d 1941- |0 (DE-588)120635038 |0 (DE-627)080796389 |0 (DE-576)164161805 |4 aut | |
| 109 | |a Bakker Schut, Pieter H. 1941- |a Bakker-Schut, Pieter H. 1941- |a Schut, Pieter H. Bakker 1941- | ||
| 245 | 1 | 0 | |a Politische Verteidigung in Strafsachen |b eine Fallstudie des von 1972 - 1977 in der Bundesrepublik Deutschland geführten Strafverfahrens gegen Andreas Baader, Gudrun Ensslin, Ulrike Meinhof, Holger Meins, Jan Carl Raspe = Politieke verdediging in strafzaken |c door Pieter Herman Bakker Schut |
| 246 | 3 | 1 | |a Politieke verdediging in strafzaken |
| 246 | 3 | 3 | |a Politieke verdediging in strafzaken |
| 264 | 1 | |a Kiel |b Neuer Malik-Verl. |c 1986 | |
| 300 | |a 685 S. | ||
| 336 | |a Text |b txt |2 rdacontent | ||
| 337 | |a ohne Hilfsmittel zu benutzen |b n |2 rdamedia | ||
| 338 | |a Band |b nc |2 rdacarrier | ||
| 500 | |a Verl.-Ausg. u.d.T.: Pieter H. Bakker Schut: Stammheim - Der Prozeß gegen die Rote Armee Fraktion. - Zsfassung in niederländ. Sprache | ||
| 502 | |a Utrecht, Univ., Diss., 1986 | ||
| 600 | 1 | 7 | |0 (DE-588)118580175 |0 (DE-627)079374700 |0 (DE-576)209030089 |a Meinhof, Ulrike Marie |d 1934-1976 |2 gnd |7 (dpeaa)DE-631 |
| 600 | 1 | 7 | |0 (DE-588)118530518 |0 (DE-627)079331157 |0 (DE-576)20890963X |a Ensslin, Gudrun |d 1940-1977 |2 gnd |7 (dpeaa)DE-631 |
| 600 | 1 | 7 | |0 (DE-588)118598368 |0 (DE-627)694815616 |0 (DE-576)181914956 |a Raspe, Jan-Carl |d 1944-1977 |2 gnd |7 (dpeaa)DE-631 |
| 600 | 1 | 7 | |0 (DE-588)11850536X |0 (DE-627)079309798 |0 (DE-576)208853847 |a Baader, Andreas |d 1943-1977 |2 gnd |7 (dpeaa)DE-631 |
| 610 | 2 | 7 | |0 (DE-588)4417281-3 |0 (DE-627)213127598 |0 (DE-576)212186108 |a Justizvollzugsanstalt Stammheim |2 gnd |7 (dpeaa)DE-631 |
| 610 | 2 | 7 | |0 (DE-588)1007504-5 |0 (DE-627)103104305 |0 (DE-576)191172863 |a Rote-Armee-Fraktion |2 gnd |7 (dpeaa)DE-631 |
| 648 | 7 | |a Geschichte 1945-2000 |2 gnd |7 (dpeaa)DE-631 | |
| 648 | 4 | |a 20. Jahrhundert 1945-2000 |0 (DE-631)36182 |7 (dpeaa)DE-631 | |
| 650 | 0 | 7 | |0 (DE-588)4057808-2 |0 (DE-627)106149415 |0 (DE-576)20912377X |a Strafvollzug |2 gnd |7 (dpeaa)DE-631 |
| 650 | 0 | 7 | |0 (DE-588)4229761-8 |0 (DE-627)10494563X |0 (DE-576)210341874 |a Politische Bewegung |2 gnd |7 (dpeaa)DE-631 |
| 650 | 0 | 7 | |0 (DE-588)4116634-6 |0 (DE-627)105805297 |0 (DE-576)209503203 |a Strafverfahren |2 gnd |7 (dpeaa)DE-631 |
| 650 | 0 | 7 | |0 (DE-588)4047577-3 |0 (DE-627)106194216 |0 (DE-576)209073985 |a Prozess |2 gnd |
| 651 | 7 | |0 (DE-588)4106368-5 |0 (DE-627)105887218 |0 (DE-576)209413956 |a Stuttgart-Stammheim |2 gnd |7 (dpeaa)DE-631 | |
| 655 | 7 | |a Hochschulschrift |0 (DE-588)4113937-9 |0 (DE-627)105825778 |0 (DE-576)209480580 |2 gnd-content | |
| 655 | 7 | |a Biografie |0 (DE-588)4006804-3 |0 (DE-627)104213493 |0 (DE-576)208867147 |2 gnd-content | |
| 689 | 0 | 0 | |d b |0 (DE-588)1007504-5 |0 (DE-627)103104305 |0 (DE-576)191172863 |a Rote-Armee-Fraktion |2 gnd |
| 689 | 0 | 1 | |d s |0 (DE-588)4116634-6 |0 (DE-627)105805297 |0 (DE-576)209503203 |a Strafverfahren |2 gnd |
| 689 | 0 | |5 (DE-627) | |
| 689 | 1 | 0 | |d b |0 (DE-588)1007504-5 |0 (DE-627)103104305 |0 (DE-576)191172863 |a Rote-Armee-Fraktion |2 gnd |
| 689 | 1 | 1 | |d s |0 (DE-588)4047577-3 |0 (DE-627)106194216 |0 (DE-576)209073985 |a Prozess |2 gnd |
| 689 | 1 | |5 (DE-627) | |
| 689 | 2 | 0 | |d g |0 (DE-588)4106368-5 |0 (DE-627)105887218 |0 (DE-576)209413956 |a Stuttgart-Stammheim |2 gnd |
| 689 | 2 | 1 | |d s |0 (DE-588)4116634-6 |0 (DE-627)105805297 |0 (DE-576)209503203 |a Strafverfahren |2 gnd |
| 689 | 2 | |5 (DE-627) | |
| 751 | |a Utrecht |0 (DE-588)4062222-8 |0 (DE-627)106133047 |0 (DE-576)209143037 |4 uvp | ||
| 935 | |a BWLB | ||
| 935 | |h HEB |i 0501 | ||
| 935 | |h HEB |i 0503 | ||
| 951 | |a BO | ||
| ELC | |b 1 | ||
| LOK | |0 000 xxxxxcx a22 zn 4500 | ||
| LOK | |0 001 2095328736 | ||
| LOK | |0 003 DE-627 | ||
| LOK | |0 004 1082559105 | ||
| LOK | |0 005 20000707000000 | ||
| LOK | |0 008 951102||||||||||||||||ger||||||| | ||
| LOK | |0 040 |a DE-21 |c DE-627 |d DE-21 | ||
| LOK | |0 852 |a DE-21 | ||
| LOK | |0 852 1 |c KB 18 A 1899 |9 00 | ||
| LOK | |0 935 |a krim | ||
| LOK | |0 939 |a 02-11-95 |b l01 | ||
| ORI | |a SA-MARC-krimdoka001.raw | ||
| SIG | |a UB: KB 18 A 1899 | ||
| TIM | |a 100019700101_100019981231 |b 1970 - 1998 | ||
